| Tag |
First Indicator |
Second Indicator |
Subfields |
| LEADER |
00000cam a2200000 4500 |
| 001 |
in00000064605 |
| 005 |
20151007083340.0 |
| 008 |
750710s1928 nyu 00000 eng u |
| 010 |
|
|
|a 28029623
|
| 035 |
|
|
|a (OCoLC)01442122
|
| 035 |
|
|
|9 AAF9229AM
|
| 040 |
|
|
|c JPL
|d TXA
|d UtOrBLW
|
| 049 |
|
|
|a TXAM
|c [175080]
|
| 050 |
0 |
0 |
|a HD216
|b .Y3
|
| 092 |
|
|
|a 333.10973
|b Y27o
|
| 100 |
1 |
|
|a Yard, Robert Sterling,
|d 1861-1945.
|
| 245 |
1 |
0 |
|a Our federal lands ;
|b a romance of American development /
|c by Robert Sterling Yard.
|
| 264 |
|
1 |
|a New York :
|b C. Scribner's sons,
|c 1928.
|
| 300 |
|
|
|a xvi, 360 pages :
|b frontispiece :
|b plates :
|b folded maps. ;
|c 21 cm.
|
| 336 |
|
|
|a text
|b txt
|2 rdacontent
|
| 337 |
|
|
|a unmediated
|b n
|2 rdamedia
|
| 338 |
|
|
|a volume
|b nc
|2 rdacarrier
|
| 650 |
|
0 |
|a Forest reserves
|z United States.
|
| 650 |
|
0 |
|a National parks and reserves
|z United States.
|
| 650 |
|
0 |
|a Reclamation of land
|z United States.
|
| 650 |
|
0 |
|a Natural resources.
|
| 650 |
|
0 |
|a Indian reservations.
|
| 650 |
|
0 |
|a Public lands
|z United States.
|
| 999 |
|
|
|a MARS
|
| 999 |
f |
f |
|s b0244b6f-73e7-3f03-90b4-00f59521ff06
|i f76cf857-cb8e-3ec8-bd20-31250723a0bc
|t 0
|
| 952 |
f |
f |
|p ric
|a Texas A&M University
|b Rellis Campus
|c Joint Library Facility
|d Remote Storage
|t 0
|e HD216 .Y3
|h Library of Congress classification
|i unmediated -- volume
|m A14800739672
|
| 998 |
f |
f |
|a HD216 .Y3
|t 0
|l Remote Storage
|